000 00471nam a22001937a 4500
003 OSt
005 20241025125907.0
008 241025b |||||||| |||| 00| 0 eng d
040 _cMRSPTU
041 _aENG
082 _a631.875
_bSI-V
100 _aSidhu, Kiranjot
245 _aVermicomposting : Ecofriendly & Economically Viable Enterprise
250 _a2nd Ed.
260 _aLudhiana
_bPAU
_c2020
300 _a16
650 _aAgriculture
942 _2ddc
_cBK
_n0
999 _c10389
_d10389